Statistics for All Municipalities of Hajdú-Bihar County, Hungary on a Map

Click here to take the quiz!

General Stats

  • This quiz has been taken 16 times
  • The average score is 32 of 82

Answers on the Map

Answers color-coded by a green-red scale on the quiz's map according to % correct below.
 

Answer Stats

Answer% Correct
Debrecen
100%
Hajdúszoboszló
100%
Balmazújváros
91%
Hajdúböszörmény
91%
Hajdúnánás
91%
Hajdúhadház
82%
Berettyóújfalu
73%
Bocskaikert
73%
Biharkeresztes
64%
Hajdúsámson
64%
Hortobágy
64%
Létavértes
64%
Püspökladány
64%
Ebes
55%
Nádudvar
55%
Nyíradony
55%
Polgár
55%
Derecske
45%
Furta
45%
Hajdúdorog
45%
Kaba
45%
Mikepércs
45%
Téglás
45%
Újiráz
45%
Vámospércs
45%
Álmosd
36%
Ártánd
36%
Bagamér
36%
Báránd
36%
Biharnagybajom
36%
Bihartorda
36%
Darvas
36%
Esztár
36%
Földes
36%
Görbeháza
36%
Komádi
36%
Mezősas
36%
Nagykereki
36%
Nagyrábé
36%
Nyíracsád
36%
Nyírmártonfalva
36%
Sáránd
36%
Szerep
36%
Tiszacsege
36%
Újszentmargita
36%
Vekerd
36%
Bakonszeg
27%
Berekböszörmény
27%
Csökmő
27%
Egyek
27%
Folyás
27%
Fülöp
27%
Hajdúbagos
27%
Hajdúszovát
27%
Hencida
27%
Hosszúpályi
27%
Körösszakál
27%
Körösszegapáti
27%
Magyarhomorog
27%
Nagyhegyes
27%
Nyírábrány
27%
Pocsaj
27%
Sáp
27%
Sárrétudvari
27%
Tetétlen
27%
Újtikos
27%
Zsáka
27%
Bedő
18%
Bihardancsháza
18%
Bojt
18%
Gáborján
18%
Kismarja
18%
Kokad
18%
Konyár
18%
Mezőpeterd
18%
Monostorpályi
18%
Szentpéterszeg
18%
Tépe
18%
Tiszagyulaháza
18%
Told
18%
Újléta
18%
Váncsod
18%

Score Distribution

Percentile by Number Answered

Percent of People with Each Score

Your Score History

You have not taken this quiz